000 00308nam a22001337a 4500
008 181105b xxu||||| |||| 00| 0 eng d
020 _a9780131498952
041 _aeng
080 _23rd
_a510
100 _a36
101 _aMAT
245 _aBeginning & Intermediate Algebra
_cGay,K.E.M
942 _2udc
_cBK
999 _c51797
_d51797